| 000 | 01310cam a22003254a 4500 | ||
|---|---|---|---|
| 999 |
_c7252 _d7252 |
||
| 001 | 12279315 | ||
| 003 | OSt | ||
| 005 | 20210921120011.0 | ||
| 008 | 010116s2002 nyua b 001 0 eng | ||
| 010 | _a 2001018486 | ||
| 020 | _a0521581516 (hardback) | ||
| 020 | _a052158860X (pbk.) | ||
| 040 |
_aDLC _cDDC _dDLC |
||
| 042 | _apcc | ||
| 050 | 0 | 0 |
_aRA1226 _b.W75 2002 |
| 082 | 0 | 0 | _a615.902WRI2002 |
| 100 | 1 |
_aWright, David A., _d1948- _914893 |
|
| 245 | 1 | 0 |
_aEnvironmental toxicology _cEdited by Wright,David A. and Welbourn,Pamela; |
| 260 |
_aNew York : _bCambridge University Press, _cc2002. |
||
| 300 |
_axxiii,630p. : _bill. ; _c25 cm. |
||
| 440 | 0 |
_aCambridge environmental chemistry series ; _v11 _912783 |
|
| 504 | _aIncludes; bibliographical references and index. | ||
| 650 | 0 |
_aBiology _95602 |
|
| 700 | 1 |
_aWelbourn, Pamela, _d1935- _914894 |
|
| 856 | 4 | 2 |
_3Publisher description _uhttp://www.loc.gov/catdir/description/cam021/2001018486.html |
| 856 | 4 | 1 |
_3Table of contents _uhttp://www.loc.gov/catdir/toc/cam023/2001018486.html |
| 906 |
_a7 _bcbc _corignew _d1 _eocip _f20 _gy-gencatlg |
||
| 942 |
_2ddc _cO_SHELF |
||